000 00699nam a22002417a 4500
999 _c13435
_d13435
001 18053
003 MIRAKIL
005 20190725161225.0
008 190725b tu ||||| |||| 00| 0 tur d
020 _a9786055755072
040 _aTR-AnCHP
_btur
_cTR-AnCHP
041 _atur
082 _a923.173 Obama,B.
_bÖ94o 2009
100 _aÖzkan, Necati
245 _aObama'nın liderlik sırları /
_cNecati Özkan.
250 _a3. bs.
260 _aİstanbul:
_bMediacat kitapları,
_c2009.
_fPasifik ofset.
300 _a184 s.:
_bfotg.;
_c20 sm.
504 _aKaynakça vardır.
600 _aObama, Barack
_xSiyasal yaşam
_zABD
650 _aDevlet başkanları
_xTarih
_zABD
942 _2ddc
_cBKS